000 00457nam a22001457a 4500
008 160516b xxu||||| |||| 00| 0 eng d
020 _a978-0-03-079143-7
082 _22008
_aDC 808.819
_bEl1
245 _aElements of literature:
_bthird course.
260 _aOrlando, Florida:
_bHolt, Rinehart and Winston,
_cc2008.
300 _a[various paging]:
_bcolor illustrations;
_c26 cm.
500 _aIncludes index.
650 0 _98369
_aLiterature
942 _2ddc
_cDC
999 _c2532
_d2532